<?xml version="1.0" encoding="UTF-8"?>
<collection xmlns="http://www.loc.gov/MARC21/slim">
 <record>
  <leader>01566nam a2200193Ia 4500</leader>
  <controlfield tag="001">TDMU_26728</controlfield>
  <controlfield tag="008">210410s9999    xx            000 0 und d</controlfield>
  <datafield tag="082" ind1=" " ind2=" ">
   <subfield code="a">618.9</subfield>
  </datafield>
  <datafield tag="090" ind1=" " ind2=" ">
   <subfield code="b">QU451</subfield>
  </datafield>
  <datafield tag="100" ind1=" " ind2=" ">
   <subfield code="a">Quốc hội Nước Cộng Hòa Xã Hội Chủ Nghĩa Việt Nam</subfield>
  </datafield>
  <datafield tag="245" ind1=" " ind2="0">
   <subfield code="a">Bộ luật lao động</subfield>
  </datafield>
  <datafield tag="245" ind1=" " ind2="0">
   <subfield code="c">Quốc hội Nước Cộng Hòa Xã Hội Chủ Nghĩa Việt Nam</subfield>
  </datafield>
  <datafield tag="260" ind1=" " ind2=" ">
   <subfield code="b">Chính trị quốc gia - Sự thật</subfield>
  </datafield>
  <datafield tag="260" ind1=" " ind2=" ">
   <subfield code="c">2016</subfield>
  </datafield>
  <datafield tag="300" ind1=" " ind2=" ">
   <subfield code="a">171 tr.</subfield>
  </datafield>
  <datafield tag="520" ind1=" " ind2=" ">
   <subfield code="a">Cung cấp toàn văn Bộ luật lao động với những qui định chung và qui định cụ thể về việc làm; hợp đồng lao động; học nghề, đào tạo, bồi dưỡng nâng cao trình độ kỹ năng nghề; đối thoại tại nơi làm việc, thương lượng tập thể, thoả ước lao động tập thể; tiền lương; thời giờ làm việc và nghỉ ngơi; kỷ luật lao động, trách nhiệm vật chất; an toàn và vệ sinh lao động; những quy định riêng đối với lao động nữ, lao động chưa thành niên và một số loại lao động khác; bảo hiểm xã hội; công đoàn...</subfield>
  </datafield>
  <datafield tag="650" ind1=" " ind2=" ">
   <subfield code="a">Pháp luật</subfield>
   <subfield code="z">Việt Nam</subfield>
   <subfield code="y">2012; Luật lao động</subfield>
   <subfield code="z">Việt Nam</subfield>
   <subfield code="y">2012</subfield>
  </datafield>
  <datafield tag="856" ind1=" " ind2=" ">
   <subfield code="u">http://lrc.tdmu.edu.vn/opac/search/detail.asp?aID=2&amp;ID=26728</subfield>
  </datafield>
  <datafield tag="980" ind1=" " ind2=" ">
   <subfield code="a">Trung tâm Học liệu Trường Đại học Thủ Dầu Một</subfield>
  </datafield>
 </record>
</collection>
